| 000 | 00557nam a22001695i 4500 | ||
|---|---|---|---|
| 001 | 169418 | ||
| 003 | ES-MaACL | ||
| 005 | 20230906214103.0 | ||
| 008 | 080910s1969 sp |||| | spa d | ||
| 080 | _a811.161.1'351=134.2 | ||
| 100 | 1 |
_aCalonge Ruiz, Julio. _933775 |
|
| 245 | 1 | 0 |
_aTanscripción del ruso al español / _cJulio Calonge. |
| 260 |
_aMadrid : _bGredos, _c[1969] |
||
| 300 |
_a55 p. ; _c25 cm. |
||
| 650 | 1 | 4 |
_aLengua rusa- _xTransliteración al español. _9138520 |
| 852 | 1 |
_aBA _j2235-F-5 _9R.141151 _z.- Biblioteca Jacinto Martínez Lacalle |
|
| 999 |
_c169418 _d169418 |
||